Training in storage and prservation of food grains

Guardat en:
Dades bibliogràfiques
Format: Llibre
Idioma:Undetermined
Publicat: Tokyo Asian productivity organization 1970
Matèries:
Etiquetes: Afegir etiqueta
Sense etiquetes, Sigues el primer a etiquetar aquest registre!
Thư viện lưu trữ: Trung tâm Học liệu Trường Đại học Cần Thơ
LEADER 00466nam a2200169Ia 4500
001 CTU_102238
008 210402s9999 xx 000 0 und d
082 |a 631.658 
082 |b T768 
245 0 |a Training in storage and prservation of food grains 
260 |a Tokyo 
260 |b Asian productivity organization 
260 |c 1970 
650 |a Storage 
650 |x Preservation 
904 |i Hiếu 
980 |a Trung tâm Học liệu Trường Đại học Cần Thơ